00509nam a22001697a 450000500170000001000130001702000260003003500120005603700160006808200070008410000230009124500640011424600420017826000460022027000520026630000210031820220701170605.0 aUR-11615 a9788194847151c300.00 aU-10170 bDBAD/PUBa- aک aمجیب احمد  aپت جھڑ کا موسم /cمجیب احمدhا ر د و aPat Jhad ka Mausam /bby Mujeeb Ahmed aHyderabadbMujeeb Publicationsc2020 ء  aH.No. 2-3-48/G, Kadri Bagh, bHyderabade500013 a128 صc22cm(Hb)